| 000 | 00763cam a2200241 4500 | ||
|---|---|---|---|
| 001 | M30 | ||
| 008 | 090401t1991 xxu||||| |||| 00| 0 eng d | ||
| 035 | _a(Sirsi) u39455 | ||
| 041 | _aeng | ||
| 050 | _a333.3309439 | ||
| 090 | _aRICS 1991/5A | ||
| 110 |
_aHealey and Baker Research Services _91803 |
||
| 245 | _aReal estate guide: Hungary (summary). | ||
| 260 |
_aLondon _bHealey and Baker; RICS _c1991 |
||
| 300 | _a17p.; 30cm. | ||
| 350 | _a0 | ||
| 520 | _aFor full report see RICS 1991/3ABCD ISBN not used as same number was used for summaries and full reports of both Czechoslovakia and Hungary. | ||
| 650 | _aHUNGARY | ||
| 650 | _aPROPERTY MARKET | ||
| 710 |
_aRoyal Institution of Chartered Surveyors _94900 |
||
| 942 | _n0 | ||
| 948 | _c04/03/1997 | ||
| 999 |
_c90776 _d90776 |
||